Morphologie medicale (Record no. 50668)

MARC details
000 -LEADER
campo de control de longitud fija 00522nam a2200169 i 4500
001 - NÚMERO DE CONTROL
campo de control 50668
003 - IDENTIFICADOR DE NÚMERO DE CONTROL
campo de control ES-MaACL
005 - FECHA Y HORA DE LA ÚLTIMA TRANSACCIÓN
campo de control 20230906162222.0
007 - CAMPO FIJO DE DESCRIPCIÓN FÍSICA--INFORMACIÓN GENERAL
campo de control de longitud fija t|
008 - DATOS DE LONGITUD FIJA--INFORMACIÓN GENERAL
campo de control de longitud fija 030806s1912 fr ||||1| fre d
100 1# - ENTRADA PRINCIPAL--NOMBRE DE PERSONA
Nombre de persona Chaillou, A.
9 (RLIN) 37796
245 10 - MENCIÓN DEL TÍTULO
Título Morphologie medicale
Resto del título : etude des quatre types humains /
Mención de responsabilidad, etc. par A. Chaillou et Leon Mac-Auliffe.
260 ## - PUBLICACIÓN, DISTRIBUCIÓN, ETC.
Lugar de publicación, distribución, etc. Paris :
Nombre del editor, distribuidor, etc. Octave Doin,
Fecha de publicación, distribución, etc. 1912 (
Fabricante Imp. Réunies)
300 ## - DESCRIPCIÓN FÍSICA
Extensión 248 p. :
Otras características físicas il. ;
Dimensiones 25 cm.
700 1# - ENTRADA AGREGADA--NOMBRE PERSONAL
Nombre de persona Mac-Auliffe, Leon.
9 (RLIN) 75000
852 ## - LOCALIZACIÓN
Ubicación ES-MaACL
Número de control de estantería B-12687
Holdings
Estatus retirado Estado de pérdida Estado de daño No para préstamo Biblioteca de origen Biblioteca actual Ubicación en estantería Fecha de adquisición Fuente de adquisición Total de préstamos Signatura topográfica completa Código de barras Visto por última vez Precio de reemplazo Tipo de ítem Koha
        Biblioteca del Ateneo de Madrid Biblioteca del Ateneo de Madrid Sala Pardo Bazán 17/01/2008     B-12687 1053290 23/02/2023 23/02/2023 Libro impreso